00706cam a2200229 a 450000100100000000500170001000800410002703500190006804000220008708200230010910000330013224500590016525000110022426000350023530000210027049000450029150000110033650000320034765000240037965000260040383000470042900001964120200929170103.0750616s1969 sp 001 e spa d a(OCoLC)1392729 aDO-SdBNPcFMdDLC a861.6bA454h, 19691 aAlonso, Dámaso,d1898-199010aHijos de la ira :bdiario íntimo /cDámaso Alonso. a3a ed. aMadrid :bEspasa-Calpe,c1969. a159 p. ;c19 cm.1 aAustral. Violeta: teatro y poesíav595 aPoems. aIncluye índice de autores 4aPoesía española 4aLiteratura española 0aAustral.pVioleta: teatro y poesía;v595